书目信息 |
| 题名: |
马格里布通史
|
|
| 作者: | 马塞尔·佩鲁东 著 | |
| 分册: | ||
| 出版信息: | 上海 上海人民出版社 1974.04 |
|
| 页数: | 578页 | |
| 开本: | 19cm | |
| 丛书名: | ||
| 单 册: | ||
| 中图分类: | K41 | |
| 科图分类: | ||
| 主题词: | 北非--历史 | |
| 电子资源: | ||
| ISBN: | ||
| 000 | 00545nam0 2200193 45 | |
| 001 | 0405121074 | |
| 005 | 20040512101032.2 | |
| 010 | @dCNY1.75 | |
| 100 | @a20040512d1974 km y0chiy0120 ea | |
| 101 | 0 | @achi |
| 105 | @a z 000yy | |
| 200 | 1 | @a马格里布通史@AMa Ge Li Bu Tong Shi@f(法)马塞尔·佩鲁东著@F(Fa)Ma Sai Er·Pei Lu Dong Zhu |
| 210 | @a上海@c上海人民出版社@d1974.04 | |
| 215 | @a578页@d19cm | |
| 606 | 0 | @a北非@x历史 |
| 690 | @aK41@v3 | |
| 701 | 0 | @a马塞尔·佩鲁东@4著 |
| 801 | @aCN@bPftUser@c20040512 | |
| 905 | @f1@b218848@dK41@e1 | |
| 马格里布通史/(法)马塞尔·佩鲁东著.-上海:上海人民出版社,1974.04 |
| 578页;19cm |
| ISBN :CNY1.75 |
| ● |
| 相关链接 |
|
|
|
|
正题名:马格里布通史
索取号:K41/1
 
预约/预借
| 序号 | 登录号 | 条形码 | 馆藏地/架位号 | 状态 | 备注 |
| 1 | 0218848 | 000359980 | 第二借阅区/ [索取号:K41/1] | 在馆 |